| 000 | 00455nam a2200181Ia 4500 | ||
|---|---|---|---|
| 001 | 24802 | ||
| 005 | 20260414151107.0 | ||
| 008 | 260414t2001||||xx |||||||||||||| ||spa|| | ||
| 041 | _aESP | ||
| 082 |
_a346 _bC25 |
||
| 100 |
_aAvendaño Valdez, Jorge [1933...] _eAUT |
||
| 245 | 0 |
_a¿Por qué hay que cambiar el código civil? _b |
|
| 260 | _c2001 | ||
| 300 |
_a364 páginas : _c20 cm. |
||
| 650 | _aDER | ||
| 654 | _aCDE | ||
| 942 |
_cLIB _dJUS _fJUS _2ddc _n |
||
| 999 |
_c24802 _d24802 |
||